Общая технология стекольного производства: учебник для техникумов

Bibliographic Details
Main Author: Безбородов М. А.
Language:Russian
Published: Ленинград, Гизлегпром, 1936
Subjects:
Format: MixedMaterials Book
KOHA link:https://koha.lib.tpu.ru/cgi-bin/koha/opac-detail.pl?biblionumber=261548

MARC

LEADER 00000nam0a2200000 4500
001 261548
005 20231101233556.0
035 |a (RuTPU)RU\TPU\book\284529 
090 |a 261548 
100 |a 20140524d1936 m y0rusy50 ca 
101 0 |a rus 
102 |a RU 
105 |a a j 001zy 
200 1 |a Общая технология стекольного производства  |e учебник для техникумов  |f М. А. Безбородов 
210 |a Ленинград  |a Москва  |c Гизлегпром  |d 1936 
215 |a 260 с.  |c ил. 
320 |a Библиогр.: с. 257-258. 
606 1 |a Стекольное производство  |2 stltpush  |3 (RuTPU)RU\TPU\subj\34553  |9 56474 
610 1 |a технология 
610 1 |a развитие 
610 1 |a стекло 
610 1 |a применение 
610 1 |a сырье 
610 1 |a топливо 
610 1 |a печи 
610 1 |a варка 
610 1 |a изделия 
610 1 |a отжиг 
675 |a 666  |v 3 
700 1 |a Безбородов  |b М. А. 
801 1 |a RU  |b 63413507  |c 20140524 
801 2 |a RU  |b 63413507  |c 20140628  |g RCR 
942 |c BK